खेल प्रबन्धन / (Record no. 30574)
[ view plain ]
| 000 -LEADER | |
|---|---|
| fixed length control field | 01290 aa a2200265 4500 |
| 005 - DATE AND TIME OF LATEST TRANSACTION | |
| control field | 20090922141936.0 |
| 008 - FIXED-LENGTH DATA ELEMENTS--GENERAL INFORMATION | |
| fixed length control field | 080912t xxu||||| |||| 00| 0 hin d |
| 010 ## - LCCN (DPL NO) | |
| LC control number | HIN-87958 |
| 020 ## - INTERNATIONAL STANDARD BOOK NUMBER | |
| International Standard Book Number | 8178793628 |
| Terms of availability | 450.00 |
| 035 ## - SYSTEM CONTROL NUMBER | |
| System control number | HN-60304 |
| 037 ## - SOURCE OF ACQUISITION | |
| Source of stock number/acquisition | DBAD / PUB |
| 082 ## - DEWEY DECIMAL CLASSIFICATION NUMBER | |
| Classification number | 796.069 |
| 100 ## - MAIN ENTRY--PERSONAL NAME | |
| Personal name | वैद्य,राजेश |
| 245 ## - TITLE STATEMENT | |
| Title | खेल प्रबन्धन / |
| Statement of responsibility, etc | राजेश वैद्य |
| 246 ## - VARYING FORM OF TITLE | |
| Title proper/short title | Khel prabandhan |
| Remainder of title | by Rajesh Vaidya |
| 260 ## - PUBLICATION, DISTRIBUTION, ETC. (IMPRINT) | |
| Place of publication, distribution, etc | नई दिल्ली |
| Name of publisher, distributor, etc | स्पोर्टस पब्लिकेशन |
| Date of publication, distribution, etc | 2009 |
| 270 ## - ADDRESS | |
| Address | 7/26, (ग्राउंड फ्लोर) अंसारी रोड, दरियागंज |
| City | नई दिल्ली |
| Postal code | 110002 |
| Telephone number | (ऑ)55749511,55326118)(नि.)27562163(मो.)9868028838 |
| Electronic mail address | lakshaythani@hotmail.com |
| 300 ## - PHYSICAL DESCRIPTION | |
| Extent | 234पृ |
| Dimensions | 22सेमी(सजिल्द) |
| 650 ## - SUBJECT ADDED ENTRY--TOPICAL TERM | |
| Topical term or geographic name as entry element | खेल-कूद |
| 650 ## - SUBJECT ADDED ENTRY--TOPICAL TERM | |
| Topical term or geographic name as entry element | Sports |
| 650 ## - SUBJECT ADDED ENTRY--TOPICAL TERM | |
| Topical term or geographic name as entry element | खेल-कूद प्रशासन |
| 650 ## - SUBJECT ADDED ENTRY--TOPICAL TERM | |
| Topical term or geographic name as entry element | Sports administration |
| 942 ## - ADDED ENTRY ELEMENTS (KOHA) | |
| Institution code [OBSOLETE] | dpl |
| Item type | Hindi Books |
| Source of classification or shelving scheme | Dewey Decimal Classification |
| Classification part | 796.069 |
| Call number suffix | वैद्यरा |
| Withdrawn status | Lost status | Source of classification or shelving scheme | Damaged status | Not for loan | Home library | Current library | Date acquired | Source of acquisition | Cost, normal purchase price | Total Checkouts | Full call number | Barcode | Date last seen | Copy number | Cost, replacement price | Koha item type |
|---|---|---|---|---|---|---|---|---|---|---|---|---|---|---|---|---|
| Dewey Decimal Classification | Not For Loan | D.B.Act.Division | D.B.Act.Division | 22/09/2009 | DBAD / PUB | 450.00 | 796 वैद्यरा | HN-60304 | 22/09/2009 | 1 | 450.00 | Hindi Books |
